Normal view MARC view

Entry Personal Name

Number of records used in: 2

001 - CONTROL NUMBER

  • control field: 668769

003 - CONTROL NUMBER IDENTIFIER

  • control field: OSt

005 - DATE AND TIME OF LATEST TRANSACTION

  • control field: 20221006155251.0

008 - FIXED-LENGTH DATA ELEMENTS

  • fixed length control field: 221006|| aca||aabn | a|a d

040 ## - CATALOGING SOURCE

  • Original cataloging agency: OSt
  • Transcribing agency: OSt

100 ## - HEADING--PERSONAL NAME

  • Personal name: Yuping Shen

670 ## - SOURCE DATA FOUND

  • Source citation: Work cat.: (OSt)1109434: Yongyou Li 668768, Vertical distribution of fical revenue and its effect on balancing economic growth, 2012
Copyright @ Delhi University Library System